| 000 | 00473nam a2200169Ia 4500 | ||
|---|---|---|---|
| 999 |
_c28524 _d28524 |
||
| 003 | OSt | ||
| 005 | 20201127134218.0 | ||
| 008 | 190216s9999||||xx |||||||||||||| ||und|| | ||
| 040 | _coclc | ||
| 082 |
_a894.8123 _bPUS/R |
||
| 100 |
_aPushpanath, Kottayam _96543 |
||
| 245 | 0 |
_aRahasyam / _cKottayam Pushpanath |
|
| 260 |
_bKeerthi Books, _aKollam: _c2006. |
||
| 300 | _a128p | ||
| 650 | _aNovel | ||
| 942 |
_cBK _2ddc _h894.8123 _iPUS/R _k894.8123 _mPUS/R |
||